| 000 | 00717nam a2200217 i 4500 | ||
|---|---|---|---|
| 020 | _a0070826102 : | ||
| 082 | 0 | 0 |
_a692.5 _bDUT _cL-14-P142 |
| 100 | 1 |
_aDutta's , BN. _946456 |
|
| 245 | 1 | 0 |
_aEstimating and costing in civil engineering theory and practice _cBN ,Dutta |
| 250 | _a16th ed. | ||
| 260 |
_aLucknow ; _bS,Dutta and Company, _c1984. |
||
| 300 |
_axv, 904 p. : _bill. ; _c24 cm. |
||
| 500 | _aIncludes index. | ||
| 526 |
_a0 _b0 _c0 _d692_500000000000000_DUT |
||
| 526 |
_a0 _b0 _c0 _d692_500000000000000_DUT |
||
| 526 |
_a0 _b0 _c0 _d692_500000000000000_DUT |
||
| 650 | 0 |
_aBuilding _xEstimates. _bCosting. _946457 |
|
| 650 | 0 |
_aMCE _9379 |
|
| 700 |
_aRevised by Umar Vawada , M.A Aziz _946458 |
||
| 942 |
_2ddc _cBK |
||
| 999 |
_c549797 _d549797 |
||